[Event "SVK ECo-C Extraliga 2021-22"]
[Site "Slovakia"]
[Date "2022.03.12"]
[Round "5.5"]
[White "Szucs, Vladimir"]
[Black "Borhy, Marcell"]
[Result "0-1"]
[WhiteElo "2117"]
[BlackElo "2381"]
[Annotator "TA"]
[PlyCount "104"]
[EventDate "2021.10.21"]
[EventType "team-tourn"]
[EventCountry "SVK"]
[SourceTitle "playchess.com"]
[Source "ChessBase"]
[SourceQuality "1"]

{[%evp 9,104,0,0,0,0,0,0,0,0,-23,-15,-25,-11,-19,-22,-48,-11,-6,0,-9,-12,-28,-28,-29,-29,-41,-27,-54,-38,-43,-47,-43,-39,-46,-29,-37,-19,-21,-8,-10,0,-8,-12,-4,-16,-26,-26,-81,-95,-99,-114,-106,-106,-102,-108,-108,-108,-107,-113,-110,-87,-88,-91,-99,-94,-125,-119,-117,-101,-103,-97,-174,-167,-489,-472,-486,-497,-808,-807,-769,-741,-722,-642,-626,-637,-568,-585,-587,-572,-587,-531,-471,-457,-443,-387,-405,-397]} 1. d4 Nf6 2. Bf4 d5 3. e3 c5 4. c3 Nc6 5. Nd2 Bf5 6. Qb3 {D00: 1 d4 d5: Unusual lines.} Qd7 7. Ngf3 c4 8. Qd1 {The position is equal.} b5 9. a3 e6 10. Be2 Be7 {[#]} 11. O-O $146 ({Predecessor:} 11. Ne5 Nxe5 12. Bxe5 a5 13. Bxf6 Bxf6 14. O-O O-O 15. Re1 b4 16. axb4 axb4 17. g3 Rxa1 18. Qxa1 {½-½ (37) Mamonovas,V (2178)-Paleckis,E (2196) ICCF email 2019}) 11... O-O 12. Nh4 Be4 13. Nhf3 a5 14. Nxe4 Nxe4 15. Ne5 Nxe5 16. Bxe5 b4 {And now ...f6 would win.} 17. f3 Nd6 18. Bxd6 Qxd6 19. axb4 axb4 20. Qd2 Rfb8 21. e4 bxc3 22. bxc3 Ra3 23. exd5 exd5 24. f4 Bd8 {[%cal Be7d8,Bd8a5,Ba5c3,Bc3d4][%mdl 32]} 25. Bf3 Ba5 26. Rxa3 Qxa3 27. Bxd5 Bxc3 28. Qd1 {[#]} (28. Qe3 $11 {remains equal.}) 28... Qb4 $1 $17 29. Be4 Re8 $36 {[%mdl 2048] Black is really pushing.} 30. Bc2 Rd8 31. Qb1 Bxd4+ 32. Kh1 Qxb1 {Black is more active.} 33. Rxb1 {[%mdl 4096] Endgame KRB-KRB} g6 34. g3 Re8 35. Ba4 Re4 36. Bc6 Re3 37. Rc1 c3 38. Rc2 Kg7 39. Kg2 Kf6 40. g4 (40. Ba4 $17) 40... h5 {[%cal Bh7h5,Bh5h4][%mdl 32]} 41. h3 $2 {[#]} (41. gxh5 {is more resistant.} gxh5 42. Bd5) 41... h4 $19 42. Bf3 g5 43. fxg5+ (43. f5 $142) 43... Kxg5 44. Ra2 Kf4 45. Bd5 Rg3+ 46. Kh2 f6 47. Re2 Bg1+ 48. Kh1 Be3 49. Kh2 Ke5 50. Bb3 Kd4 51. Bc2 Kc5 52. Bf5 Bf4 {Weighted Error Value: White=0.23 (precise) /Black=0.05 (flawless)} 0-1

[Event "SVK ECo-C Extraliga 2021-22"]
[Site "Slovakia"]
[Date "2022.03.12"]
[Round "5.6"]
[White "Varga, Zoltan"]
[Black "Strachan, Jan"]
[Result "1-0"]
[WhiteElo "2390"]
[BlackElo "2115"]
[Annotator "TA"]
[PlyCount "146"]
[EventDate "2021.10.21"]
[EventType "team-tourn"]
[EventCountry "SVK"]
[SourceTitle "playchess.com"]
[Source "ChessBase"]
[SourceQuality "1"]

{[%evp 9,146,104,102,77,89,10,113,114,274,253,285,291,321,308,308,300,333,326,339,338,329,339,349,347,342,345,333,341,338,316,330,317,339,335,335,292,330,295,330,348,355,365,350,368,354,371,364,346,339,306,468,466,525,530,520,520,546,499,532,493,684,679,754,732,750,727,828,829,849,829,1871,750,795,795,792,776,781,732,980,994,956,868,750,491,716,721,731,793,827,821,4904,4914,4682,3256,1841,908,1063,822,791,751,4295,647,29963,29965,6348,5385,29969,29970,29972,29973,29973,29972,29970,29972,29972,29971,29975,29970,29970,0,29975,29976,29974,29975,29978,29979,29979,29980,29984,29984,29985,29986,29986,29987,29987,29988,29988,29989,29991]} 1. e4 {[%cal Be2e4,Be4e5][%mdl 32]} a6 2. d4 b5 3. Nf3 Bb7 4. Bd3 Nf6 5. e5 Nd5 6. c3 {Inhibits Nb4. B00: Queen's Fianchetto Defence, Nimzowitsch Defence.} e6 7. Ng5 {[#]} (7. O-O $16) 7... f5 $146 {[#]} (7... d6 $1 $11) ({Predecessor:} 7... d6 8. f4 Be7 9. h4 c5 10. f5 exf5 11. O-O cxd4 12. e6 Bxg5 13. exf7+ Kf8 14. Bxg5 {1-0 (51) Krishnan,V (2253)-Heimann,M (2368) Toronto 2018}) 8. exf6 $1 $16 {White is more active. White leaves nothing to chance now. White is better.} Nxf6 {[#]} (8... Qxf6 $16 {keeps fighting.} 9. Nxh7 Qf7) 9. Bxh7 $1 $18 {[%mdl 512] And now Bg6+ would win.} Rxh7 (9... Bd6 10. Bg6+) 10. Nxh7 Be7 11. Nxf6+ Bxf6 12. Qh5+ Ke7 13. Bg5 Qf8 14. Nd2 {[%cal Bb1d2,Bd2e4,Be4c5][%mdl 32]} Nc6 15. Ne4 Qh8 16. Qxh8 Rxh8 17. Bxf6+ gxf6 18. Nc5 Bc8 19. O-O-O Kf7 20. h4 Ne7 21. h5 d6 22. Ne4 Bb7 23. Rde1 Bd5 24. b3 f5 25. Ng5+ Kf6 26. f4 Rh6 27. Rh3 Nc6 28. g3 e5 29. dxe5+ dxe5 (29... Nxe5 $142 30. Re3 c6) 30. Rh2 e4 31. Rd1 Be6 32. Kb2 a5 33. Rh4 Nb8 34. Rd8 Nd7 35. Rc8 Bd5 36. Rxc7 Ke7 37. c4 bxc4 38. bxc4 Bc6 39. Kc3 Rd6 {[#]} 40. Rxc6 $1 Rxc6 {[%mdl 4096] Endgame KRN-KRN} 41. h6 {[%cal Bh5h6,Bh6h7][%mdl 32]} Rc8 42. h7 Rh8 43. Kd4 Nf6 44. Ke5 e3 45. Kxf5 e2 46. Nf3 {Kg6 is the strong threat.} Nxh7 (46... Rxh7 $142 47. Rxh7+ Nxh7) 47. Rh2 Rf8+ 48. Kg6 Rg8+ 49. Kxh7 Rxg3 50. Rxe2+ {KRN-KR} Kf6 51. Ng5 {Ne4+ would kill now.} Rg4 52. Re6+ Kf5 53. Re5+ Kxf4 54. Rxa5 {Strongly threatening Kg6.} Ke3 55. Ra3+ Kd4 56. Ne6+ Ke5 57. Re3+ Kd6 58. c5+ Kd5 59. a3 Rg1 60. Kh6 Rg4 61. Kh5 Rg1 62. Kh4 Rg8 63. Kh3 Rg1 64. Kh4 Rg8 $1 65. a4 {[%cal Ba3a4,Ba4a5,Ba5a6][%mdl 32] White mates.} Rg1 66. a5 Ra1 67. a6 Ra4+ 68. Kg5 Kc6 69. Rd3 Ra5 70. Kf6 Ra2 71. Rd6+ Kb5 72. Rb6+ Kc4 73. c6 Kd5 {Weighted Error Value: White=0.14 (very precise) /Black=0.34} 1-0

[Event "SVK ECo-C Extraliga 2021-22"]
[Site "Slovakia"]
[Date "2022.03.12"]
[Round "5.6"]
[White "Pacher, Milan"]
[Black "Zvarik, Martin"]
[Result "1-0"]
[WhiteElo "2387"]
[BlackElo "2227"]
[Annotator "RC"]
[PlyCount "111"]
[EventDate "2021.10.21"]
[EventType "team-tourn"]
[EventCountry "SVK"]
[SourceTitle "playchess.com"]
[Source "ChessBase"]
[SourceQuality "1"]
[TimeControl "40/5400+30:1800+30"]

1. e4 {[%emt 0:00:03]} e5 {[%emt 0:00:42]} 2. Nf3 {[%emt 0:00:03]} Nc6 {[%emt 0:00:23]} 3. Bb5 {[%emt 0:00:18]} a6 {[%emt 0:00:17]} 4. Ba4 {[%emt 0:00:02]} d6 {[%emt 0:00:48]} 5. O-O {[%emt 0:00:22]} Nf6 {[%emt 0:00:46]} 6. d4 {[%emt 0:02:43]} exd4 {[%emt 0:01:39]} 7. Nxd4 {[%emt 0:00:51]} Bd7 {[%emt 0:00:07]} 8. Bxc6 {[%emt 0:00:26]} bxc6 {[%emt 0:01:06]} 9. Re1 {[%emt 0:07:01]} Be7 {[%emt 0:00:53]} 10. b3 {[%emt 0:00:26]} O-O {[%emt 0:01:48]} 11. Bb2 {[%emt 0:00:05]} c5 {[%emt 0:08:10]} 12. Nf5 {[%emt 0:00:37]} Bxf5 {[%emt 0:02:27]} 13. exf5 {[%emt 0:00:03]} d5 {[%emt 0:00:38]} 14. Nd2 {[%emt 0:03:17]} Re8 {[%emt 0:11:36]} 15. Qf3 {[%emt 0:01:06]} c6 {[%emt 0:03:21]} 16. c4 {[%emt 0:02:25]} Bf8 {[%emt 0:13:36]} 17. Rxe8 {[%emt 0:04:12]} Nxe8 {[%emt 0:00:49]} 18. Re1 {[%emt 0:00:06]} Ra7 {[%emt 0:03:30]} 19. Nf1 {[%emt 0:01:26]} Re7 {[%emt 0:03:18]} 20. Rd1 {[%emt 0:01:28]} Rd7 {[%emt 0:03:54]} 21. g4 {[%emt 0:04:19]} Be7 {[%emt 0:03:17]} 22. Ne3 {[%emt 0:02:57]} Bf6 {[%emt 0:08:11]} 23. Ba3 {[%emt 0:04:07]} Bd4 {[%emt 0:04:30]} 24. cxd5 {[%emt 0:00:51]} cxd5 {[%emt 0:01:59]} 25. Nc2 {[%emt 0:03:15]} Be5 {[%emt 0:03:10]} 26. Bxc5 {[%emt 0:05:28]} Bxh2+ {[%emt 0:01:59]} 27. Kg2 {[%emt 0:01:22]} Nf6 {[%emt 0:05:51]} 28. Bd4 {[%emt 0:03:44]} Bc7 {[%emt 0:03:13]} 29. Bxf6 {[%emt 0:01:00]} Qxf6 {[%emt 0:03:54]} 30. Rxd5 {[%emt 0:02:36]} Rxd5 {[%emt 0:00:06]} 31. Qxd5 {[%emt 0:00:05]} h5 {[%emt 0:00:11]} 32. Ne3 {[%emt 0:01:05]} hxg4 {[%emt 0:04:05]} 33. Qa8+ {[%emt 0:01:20]} Kh7 {[%emt 0:00:16]} 34. Qe4 {[%emt 0:00:09]} Qg5 {[%emt 0:04:37]} 35. Qxg4 {[%emt 0:03:41]} Qd8 {[%emt 0:01:00]} 36. Kf3 {[%emt 0:00:49]} Kg8 {[%emt 0:01:00]} 37. Ke2 {[%emt 0:00:21]} Be5 {[%emt 0:00:36]} 38. Qc4 {[%emt 0:00:47]} Qf6 {[%emt 0:01:13]} 39. Qe4 {[%emt 0:02:09]} Bd6 {[%emt 0:00:27]} 40. Qa8+ {[%emt 0:01:15]} Bf8 {[%emt 0:00:18]} 41. a4 {[%emt 0:34:19]} Qb6 {[%emt 0:03:42]} 42. b4 {[%emt 0:00:00]} Qxb4 {[%emt 0:01:09]} 43. Qxa6 {[%emt 0:00:00]} Bc5 {[%emt 0:00:18]} 44. Qb5 {[%emt 0:00:00]} Qa3 {[%emt 0:03:21]} 45. a5 {[%emt 0:00:00]} Kh7 {[%emt 0:06:19]} 46. a6 {[%emt 0:00:00]} Qc3 {[%emt 0:01:51]} 47. Kf3 {[%emt 0:00:00]} Qd4 {[%emt 0:04:21]} 48. Qc4 {[%emt 0:00:00]} Qd6 {[%emt 0:00:23]} 49. Qd5 {[%emt 0:00:00]} Qb6 {[%emt 0:00:55]} 50. Nc4 {[%emt 0:00:00]} Qa7 {[%emt 0:03:22]} 51. Qb7 {[%emt 0:00:00]} Bxf2 {[%emt 0:00:08]} 52. Qxa7 {[%emt 0:00:00]} Bxa7 {[%emt 0:00:05]} 53. Ke4 {[%emt 0:00:00]} g5 {[%emt 0:03:25]} 54. Ne5 {[%emt 0:00:00]} Kg7 {[%emt 0:02:13]} 55. Nc6 {[%emt 0:00:00]} Bb6 {[%emt 0:00:24]} 56. Kf3 {[%emt 0:00:00]} 1-0

[Event "SVK ECo-C Extraliga 2021-22"]
[Site "Slovakia"]
[Date "2022.03.12"]
[Round "5.6"]
[White "Jacko, Vladimir"]
[Black "Nadzamova, Viktoria"]
[Result "1-0"]
[WhiteElo "2378"]
[BlackElo "2101"]
[Annotator "TA"]
[PlyCount "95"]
[EventDate "2021.10.21"]
[EventType "team-tourn"]
[EventCountry "SVK"]
[SourceTitle "playchess.com"]
[Source "ChessBase"]
[SourceQuality "1"]

{[%evp 9,95,-30,-23,-20,-22,-26,-7,-12,-8,0,0,0,0,-13,0,-3,0,-22,44,56,45,0,53,49,49,53,56,58,49,4,0,17,51,54,136,132,134,134,137,138,136,132,121,111,123,108,115,125,135,140,159,162,350,339,358,230,222,209,219,170,174,163,421,418,383,353,1520,1506,1437,981,567,0,1284,1238,1139,718,1905,1905,29980,29980,29980,539,489,462,516,390,434,426]} 1. d4 Nf6 2. c4 e6 3. Nf3 b6 4. Bg5 Bb7 5. Nbd2 Be7 6. e3 {E12: Queen's Indian: Unusual White 4th moves, 4 a3, 4 Nc3 Bb7 5 a3 and 4 Nc3 Bb7 .} c5 7. Bd3 d6 8. O-O {The position is equal.} Nbd7 9. Rc1 O-O 10. Bb1 Re8 {[#]} 11. Qe2 $146 ({Predecessor:} 11. Qc2 Nf8 12. Rfd1 h6 13. Bxf6 Bxf6 14. Ne4 Qe7 15. b3 Red8 16. Qe2 Bxe4 17. Bxe4 {1-0 (46) Hrtanek,J (2196)-Funiok,M (2070) Orlova 2006}) 11... Qc7 12. Rfd1 e5 13. Bh4 Nf8 (13... exd4 $11 14. exd4 g6) 14. dxe5 dxe5 15. Bg3 (15. Bxf6 $14 Bxf6 16. Ne4) 15... Bd6 (15... Bd8 $11) 16. Ng5 $1 $14 Rad8 17. Nge4 Nxe4 18. Nxe4 {[%cal Bd2e4,Be4c3,Bc3b5][%mdl 32]} Be7 {[#] White must now prevent ...f5.} 19. Qh5 (19. Nc3 $14) 19... f6 $1 $11 20. Nc3 $36 {[%mdl 2048] White has the initiative.} Bd6 21. Nb5 Qb8 {[#] Black is now going downhill.} (21... Qc6 $14 22. f3 Bb8) 22. Bxh7+ $1 $16 {[%mdl 512]} Nxh7 23. Nxd6 Re7 {To avoid Qf7+} 24. Nxb7 {White is more active.} Rxb7 25. Qg4 Nf8 26. Rd5 Rbd7 27. Rcd1 {[%cal Rd5d7]} Rxd5 28. cxd5 Qd6 29. h4 Ne6 30. h5 Nc7 $2 (30... Qd7 31. f3 Ng5) 31. h6 $18 {[%csl Gh6][%cal Rg4g7]} Rd7 32. hxg7 Rxg7 33. Qc8+ Kh7 34. Qf5+ Kg8 35. e4 Nb5 $2 (35... Ne8 36. Bh2 Qd7) 36. Bh4 Kf7 37. Qh5+ Ke7 $2 (37... Kf8 38. Rd3 Nd4) 38. f4 {[%cal Bf2f4,Bf4e5][%mdl 32] Intending fxe5 and mate.} Kf8 39. Qh8+ Kf7 40. Qh5+ (40. fxe5 $142 Qxe5 41. Rf1) 40... Kf8 41. Qh6 Kf7 42. Rf1 {White threatens fxe5 and mate.} Nd4 43. fxe5 Ne2+ 44. Kh1 Qxe5 45. Qxf6+ (45. Rxf6+ $142 Kg8 46. Re6 Qb8 47. Rg6 Qe5 48. d6 Rxg6 49. Qxg6+ Kf8 50. d7) 45... Qxf6 46. Rxf6+ Ke8 47. Rf2 Nd4 48. g3 {Weighted Error Value: White=0.39/Black=0.50} 1-0

[Event "SVK ECo-C Extraliga 2021-22"]
[Site "Slovakia"]
[Date "2022.03.12"]
[Round "5.6"]
[White "Castiglione, Mario"]
[Black "Halak, Miklos"]
[Result "1/2-1/2"]
[WhiteElo "2252"]
[BlackElo "2251"]
[Annotator "TA"]
[PlyCount "75"]
[EventDate "2021.10.21"]
[EventType "team-tourn"]
[EventCountry "SVK"]
[SourceTitle "playchess.com"]
[Source "ChessBase"]
[SourceQuality "1"]

{[%evp 19,75,0,13,14,44,42,55,39,38,26,39,10,11,-8,-15,-44,-46,-52,-43,-111,-110,-147,-148,-126,-95,-104,-100,-204,-204,-197,-237,-204,-187,-199,-199,-196,-196,-186,-36,-37,-33,-99,-58,-80,-25,-54,249,213,214,0,0,0,0,0,0,0,0,0]} 1. c4 g6 2. g3 Bg7 3. Bg2 c5 4. Nc3 Nc6 5. e3 e5 6. Nge2 Nge7 7. d3 d6 8. a3 a5 9. Rb1 O-O 10. O-O Be6 11. Nd5 {A36: Symmetrical English vs ...g6: 4 Bg2 Bg7.} Rb8 12. Nec3 $1 f5 13. f4 {White is slightly better.} Bf7 14. Bd2 Nxd5 15. Nxd5 b6 16. Qa4 Ne7 17. b4 Nxd5 {[#]} 18. cxd5 $146 ({Predecessor:} 18. Bxd5 Bxd5 19. cxd5 axb4 20. axb4 exf4 21. gxf4 b5 22. Qc2 Qb6 23. Kh1 Qb7 24. e4 fxe4 25. dxe4 {1-0 (43) Melamedoff,G (2048)-Vincent,T (2131) Winnipeg 2011}) 18... Be8 19. Qb3 (19. b5 $15) 19... cxb4 $1 $17 20. axb4 a4 21. Qa3 b5 22. fxe5 Bxe5 23. e4 (23. Rbc1 $17) 23... Bd7 $19 24. Be3 fxe4 25. dxe4 Rc8 26. Bh6 Rxf1+ 27. Rxf1 Qe7 28. Qe3 Bg7 (28... Bc3 $19 29. Bg5 Qe8) 29. Bxg7 $1 $15 Qxg7 30. Qa7 {Inhibits Ra8.} (30. Qb6 $1 $15) 30... Bg4 (30... h5 $17) 31. Qb6 Qd7 ({Black should play} 31... Qc7 $17 32. Qxb5 Bd7) 32. Qd4 Rf8 $2 {[%mdl 8192]} (32... Ra8 $15 {keeps the upper hand.}) 33. Rxf8+ $18 Kxf8 {[#]} 34. h3 $2 (34. Qh8+ $1 $18 Ke7 35. h3 (35. Qxh7+ Kd8 $18)) 34... Qg7 $1 $11 {The position is equal.} 35. e5 Bd7 36. Qf4+ Qf7 {Threatens to win with ...Qxf4.} 37. Qh6+ ({But not} 37. e6 $2 Qxf4 38. gxf4 {[#]} a3 $1 39. exd7 Ke7 $19) 37... Qg7 38. Qf4+ {What a bad dream for Black.  Weighted Error Value: White=0.23 (precise) /Black=0.36} 1/2-1/2

[Event "SVK ECo-C Extraliga 2021-22"]
[Site "Slovakia"]
[Date "2022.03.12"]
[Round "5.6"]
[White "Gasa, Patrik"]
[Black "Vojtek, Vladimir"]
[Result "1/2-1/2"]
[WhiteElo "2178"]
[BlackElo "2288"]
[Annotator "TA"]
[PlyCount "137"]
[EventDate "2021.10.21"]
[EventType "team-tourn"]
[EventCountry "SVK"]
[SourceTitle "playchess.com"]
[Source "ChessBase"]
[SourceQuality "1"]

{[%evp 16,137,16,5,16,0,0,-18,-14,-17,-18,-23,-17,-18,0,0,0,0,0,0,0,-112,-2,0,-4,-46,-45,-64,-65,-66,-58,-64,-77,-69,-55,-63,-57,-57,-48,-49,-49,-56,-51,-55,-47,-47,-47,-48,-40,-39,-11,-13,0,0,0,-39,-40,-40,-40,-49,-23,-23,-22,-41,-17,-15,-13,-31,-43,-81,-64,-81,-81,-81,-81,-81,-81,-81,-81,-81,-81,-74,-64,-725,-573,-429,0,-56,-56,-56,0,0,0,0,0,0,0,0,0,-6,0,-6,-6,-6,-6,-7,0,0,0,0,0,-8,0,0,0,0,8,0,0,0,0,-8,-8,-8]} 1. d4 Nf6 2. Nf3 e6 3. c4 b6 4. g3 Ba6 5. b3 Bb4+ 6. Bd2 Be7 7. Bg2 O-O 8. O-O d5 9. Ne5 c6 {E15: Queen's Indian: 4 g3 sidelines, 4 g3 Ba6 and 4 g3 Bb7 early deviations.} 10. Bf4 Nfd7 11. Nd2 Nxe5 12. Bxe5 Nd7 13. Bf4 Bf6 $1 {[%cal Be7f6,Bf6d4,Bd4c5][%mdl 32]} 14. cxd5 exd5 15. Rc1 Re8 16. Re1 {[#]} Rc8 $146 ({Predecessor:} 16... Bxd4 17. Rxc6 Bc5 18. Bxd5 Nf6 19. Bf3 Nd5 20. Ne4 Bb4 21. Bd2 Qd7 22. Bxb4 Qxc6 {½-½ (32) Hoerstmann,M (2323)-Sawatzki,F (2320) Germany 2003}) 17. e4 Bxd4 18. exd5 {[#]} (18. Nf3 $1 $11 Bc5 19. Bh3) 18... cxd5 (18... Rxe1+ $1 $17 19. Qxe1 Nc5) 19. Rxe8+ $11 Qxe8 20. Rxc8 (20. Nf1 $11 Bc5 21. Bxd5) 20... Qxc8 $15 21. Nf3 Bc5 22. Qxd5 Nf6 $1 23. Qd1 Ng4 24. Nd4 Qd7 25. Be3 h5 {[%cal Bh7h5,Bh5h4][%mdl 32]} 26. Bf3 Nxe3 27. fxe3 h4 28. Kg2 Bc8 {[#] aiming for ...Qh3+. A strong pair of Bishops.} 29. Kg1 Qe7 30. Qd3 hxg3 31. hxg3 Qe5 32. Kf2 Qf6 33. Qe4 {Qe8+ is the strong threat.} Bd7 {To avoid Qe8+} 34. Qa8+ Kh7 35. Qe4+ g6 36. Qf4 Kg7 $36 {[%mdl 2048] Black is more active.} 37. Bd5 {[%cal Od4c6]} Bd6 38. Qxf6+ Kxf6 $11 {[%mdl 4096] Endgame KBB-KBN} 39. Kf3 Bc5 40. Nc6 a5 41. Nd8 Ke5 42. Bb7 f5 43. Nc6+ Kd6 44. Nd4 g5 {Hoping for ...Bxd4.} 45. Ke2 Bxd4 46. exd4 $17 {KB-KB} b5 {White must now prevent ...Bc6.} 47. Ke3 Be6 48. Bf3 b4 49. Bb7 {[%mdl 8192]} (49. Be2 $15) 49... Bd5 $19 50. Bc8 Be6 (50... Be4 $19 51. g4 Bb1 52. Bxf5 (52. gxf5 $2 Bxa2 53. Be6 a4 $19) 52... Bxa2) 51. Bb7 $1 $15 Bd7 52. Ba6 a4 ({Black should try} 52... Ke7 $15) 53. bxa4 $11 {The position is equal.} Bxa4 {Threatens to win with ...Be8.} 54. Kd3 $1 Bd7 {Strongly threatening ...Be6.} 55. Kc4 $1 Be6+ 56. Kxb4 Bxa2 57. Kc3 Bb1 58. Bc4 Be4 59. Kd2 Ke7 60. Ke3 Bb1 61. Bd5 Kf6 62. Bg2 Ba2 63. Bc6 Bb3 64. Bb7 Kg6 65. Bf3 Ba4 66. Be2 Bc6 67. Bc4 Bg2 68. Be6 Kf6 69. Bc4 {Weighted Error Value: White=0.23 (precise) /Black=0.22 (precise)} 1/2-1/2

[Event "SVK ECo-C Extraliga 2021-22"]
[Site "Slovakia"]
[Date "2022.03.12"]
[Round "5.7"]
[White "Zpevak, Pavel"]
[Black "Spacek, Oliver"]
[Result "1-0"]
[WhiteElo "2373"]
[BlackElo "2239"]
[Annotator "TA"]
[PlyCount "85"]
[EventDate "2021.10.21"]
[EventType "team-tourn"]
[EventCountry "SVK"]
[SourceTitle "playchess.com"]
[Source "ChessBase"]
[SourceQuality "1"]

{[%evp 15,85,38,45,43,47,41,52,51,81,60,95,76,78,83,66,74,66,69,87,86,83,81,104,115,114,102,194,182,238,69,139,135,149,133,148,133,159,145,108,85,122,84,77,79,124,133,127,94,497,554,554,546,541,526,833,796,822,656,1028,1056,1295,1464,1653,1481,1523,1341,3036,1406,2150,1088,3765,2941]} 1. d4 Nf6 2. c4 g6 3. Nc3 d5 4. Nf3 Bg7 5. Bg5 c6 6. e3 O-O 7. cxd5 cxd5 8. Bd3 Nc6 9. O-O {D91: Grünfeld: 4 Nf3 Bg7 5 Bg5.} h6 10. Bh4 a6 11. Rc1 {[#] White is slightly better.} Be6 $146 ({Predecessor:} 11... g5 12. Bg3 Nh5 13. Ne5 Nxg3 14. Nxc6 bxc6 15. hxg3 e5 16. dxe5 Bxe5 17. Na4 Bd7 {1-0 (62) Nerlinger,M (1815)-Riedel,L (1892) Bayern 2014}) 12. h3 Nd7 13. Na4 Rc8 14. Qb3 b5 15. Nc5 Nxc5 16. Rxc5 g5 17. Bg3 Na5 18. Qa3 Qb6 {[#]} 19. Rfc1 $1 {And now Rxc8 would win.} Nc4 20. Qb4 f5 (20... Qb7 $16) 21. Rxc8 Bxc8 (21... Rxc8 $142 22. Qxe7 Bf8) 22. Be5 $2 ({Less strong is} 22. Bxc4 dxc4 23. Be5 (23. Qxe7 f4 $11) 23... Bxe5 24. Nxe5 Qd6 $14) (22. Qxe7 $18 {Hoping for b3.} Bf6 23. Qb4) 22... Nxe5 ({Black should play} 22... Bxe5 $1 $14 23. Bxc4 (23. Nxe5 Qd6 $14) (23. dxe5 Qe6 $14) 23... dxc4 24. Nxe5 Qd6) 23. Nxe5 $16 ({Don't do} 23. dxe5 $6 Re8 $16) 23... Bxe5 24. dxe5 Qe6 25. f4 Bd7 26. Rc7 Rc8 27. Qc5 {White is much more active.} Kf7 28. Bc2 Rxc7 29. Qxc7 Kg7 (29... Be8 $142) 30. Kf2 Kf7 31. Ke1 {[%cal Og2g4]} Bc8 $2 {[%mdl 8192] Loses the game.} (31... Be8 $16 {is a better chance.}) 32. g4 $18 {[%cal Bg2g4,Bg4f5,Bf5f6][%mdl 32] White is clearly winning.} Qd7 33. Qxd7 Bxd7 34. gxf5 {[%mdl 4096] Endgame KB-KB} e6 35. fxg5 hxg5 36. f6 Be8 37. Bd1 {[#] Bh5+ is the strong threat.} Bd7 38. Bh5+ Kg8 39. b4 Bc6 40. Bf3 Kh7 41. Kd2 (41. Bg4 $142 Bd7 42. Kd2) 41... Kg6 42. Bg4 d4 43. Bxe6 {Weighted Error Value: White=0.17 (very precise) /Black=0.55} 1-0

[Event "SVK ECo-C Extraliga 2021-22"]
[Site "Slovakia"]
[Date "2022.03.12"]
[Round "5.7"]
[White "Straka, Jozef"]
[Black "Federic, Jozef"]
[Result "1/2-1/2"]
[WhiteElo "2326"]
[BlackElo "2189"]
[Annotator "TA"]
[PlyCount "48"]
[EventDate "2021.10.21"]
[EventType "team-tourn"]
[EventCountry "SVK"]
[SourceTitle "playchess.com"]
[Source "ChessBase"]
[SourceQuality "1"]

{[%evp 14,48,21,3,31,14,18,9,19,10,37,7,32,0,0,0,0,-7,0,-19,-14,-67,-15,-18,0,-9,0,0,-10,-23,-14,-42,-29,-25,-22,-23,-20]} 1. d4 d5 2. c4 e6 3. Nc3 Nf6 4. Bg5 Be7 5. e3 O-O 6. Nf3 c6 7. Qc2 Nbd7 8. h3 Re8 {D61: Queen's Gambit Declined: Classical: 7 Qc2.} 9. Rd1 b6 10. Bd3 {[#]} h6 $146 {The position is equal.} ({Predecessor:} 10... Bb7 11. O-O Rc8 12. e4 dxe4 13. Nxe4 Nxe4 14. Bxe7 Qxe7 15. Bxe4 Nf6 16. Rfe1 Nxe4 17. Qxe4 {1-0 (35) Waldmann,H (2286)-Schoewel,M (2233) Germany 2019}) 11. Bf4 Bb7 12. O-O a6 13. e4 {And now e5 would win.} dxc4 14. Bxc4 b5 15. Bd3 c5 $1 16. d5 exd5 {[#] Hoping for ...d4.} 17. exd5 (17. e5 $1 $11) 17... b4 ({Better is} 17... c4 $15 18. Bf5 Bf8) 18. d6 Bxf3 19. gxf3 bxc3 20. dxe7 Qxe7 {Threatening ...Ne5.} 21. bxc3 Ne5 22. Be4 Nxe4 23. Qxe4 Qf6 {[#] White must now prevent ...Ng6.} 24. Bxe5 Qxe5 {Weighted Error Value: White=0.19 (very precise) /Black=0.14 (very precise)} 1/2-1/2